000
00240nam a2200109Ia 4500
008
190216s9999||||xx |||||||||||||| ||und||
100
_a
Sankaran
245
0
_a
Macro Economics
260
_b
Karthikeyan Pub
650
_a
Economics
942
_c
BK
999
_c
9697
_d
9697